000 00343nam a2200145Ia 4500
008 191201s2013 xx 000 0 und d
082 _a005.133
_bLID
100 _aLIPSCHUTZ, Seymour
245 0 _aData Structures with C
250 _aRep
260 _aN. delhi
_bTMH
_c2013
300 _aMISC
650 _aB.Tech(CSE)
942 _2ddc
_cBK
_0145
999 _c5664
_d5664